[Event "FRA Top 16 Lower Pool U16"]
[Site "France"]
[Date "2022.06.05"]
[Round "3.6"]
[White "Stoll, Elias"]
[Black "Bronny, Germain"]
[Result "0-1"]
[WhiteElo "1211"]
[BlackElo "1415"]
[PlyCount "90"]
[EventDate "2022.06.04"]
[EventType "tourn"]
[EventRounds "4"]
[EventCountry "FRA"]
[SourceTitle "EXT 2023"]
[Source "ChessBase"]
[SourceDate "2022.10.05"]
[SourceVersion "1"]
[SourceVersionDate "2022.10.05"]
[SourceQuality "1"]

1. e4 c5 2. Nf3 Nc6 3. c3 Nf6 4. e5 Nd5 5. Qb3 Nc7 6. d4 d5 7. h3 Bf5 8. Bf4 a6 9. Qxb7 Qd7 10. e6 Qxe6+ 11. Be2 Ra7 12. Qb3 Bxb1 13. Bxc7 Rxc7 14. Rxb1 g6 15. dxc5 Bg7 16. Rd1 Rd7 17. Rd2 0-0 18. 0-0 Rb8 19. Qa4 Rdb7 20. Qa3 Qd7 21. Rb1 e5 22. b4 e4 23. Nd4 Bxd4 24. cxd4 Ra8 25. b5 Kg7 26. Rbb2 axb5 27. Qg3 b4 28. Qe3 Ra3 29. Rb3 Rba7 30. Bb5 Rxa2 31. Rxb4 Ra1+ 32. Kh2 Qc7+ 33. g3 Nxb4 34. Rb2 Nc6 35. Bxc6 Qxc6 36. Qf4 Rd1 37. Rb6 Raa1 38. Qe5+ f6 39. Qe7+ Kh6 40. Qf8+ Kg5 41. h4+ Kg4 42. f3+ exf3 43. Rb1 Raxb1 44. Qc8+ Qxc8 45. c6 Rh1# 0-1